1955 ਦਾ ਪੰਜਾਬੀ ਸੂਬਾ ਮੋਰਚਾ / (Record no. 57881)

MARC details
000 -LEADER
fixed length control field 01088nam a22002537a 4500
005 - DATE AND TIME OF LATEST TRANSACTION
control field 2011080406576.0
008 - FIXED-LENGTH DATA ELEMENTS--GENERAL INFORMATION
fixed length control field 090728t xxu||||| |||| 00| 0 pun d
010 ## - LCCN (DPL NO)
LC control number PUN-7152
020 ## - INTERNATIONAL STANDARD BOOK NUMBER
Terms of availability 100.00
035 ## - SYSTEM CONTROL NUMBER
System control number PN-6270
037 ## - SOURCE OF ACQUISITION
Source of stock number/acquisition DBAD / PUB
040 ## - CATALOGING SOURCE
Original cataloging agency dpl
Language of cataloging pn
082 ## - DEWEY DECIMAL CLASSIFICATION NUMBER
Classification number 850
100 ## - MAIN ENTRY--PERSONAL NAME
9 (RLIN) 24414
Personal name ਹਰਜਿੰਦਰ ਸਿੰਘ ਦਿਲਗੀਰ
245 ## - TITLE STATEMENT
Title 1955 ਦਾ ਪੰਜਾਬੀ ਸੂਬਾ ਮੋਰਚਾ /
Remainder of title ਹਰਜਿੰਦਰ ਸਿੰਘ ਦਿਲਗੀਰ
246 ## - VARYING FORM OF TITLE
Title proper/short title 1955 Da punjabi subba morcha
Remainder of title by Harjinder Singh Dilgir
260 ## - PUBLICATION, DISTRIBUTION, ETC. (IMPRINT)
Place of publication, distribution, etc ਅੰਮ੍ਰਿਤਸਰ
Name of publisher, distributor, etc ਸਿੱਖ ਇਤਿਹਾਸ ਰੀਸਰਚ ਬੋਰਡ (ਸ਼੍ਰੋਮਣੀ ਗੁਰਦੁਆਰਾ ਪ੍ਰਬੰਧਕ ਕਮੇਟੀ)
Date of publication, distribution, etc 1999
270 ## - ADDRESS
Address S.G.P.C.
City Amritsar
Postal code 143002
300 ## - PHYSICAL DESCRIPTION
Extent 216p.
Dimensions 24ਸੇਮੀ.
600 ## - SUBJECT ADDED ENTRY--PERSONAL NAME
9 (RLIN) 31401
700 ## - ADDED ENTRY--PERSONAL NAME
9 (RLIN) 35589
942 ## - ADDED ENTRY ELEMENTS (KOHA)
Source of classification or shelving scheme Dewey Decimal Classification
Item type Punjabi Bks
Classification part 850
Call number suffix ਹਰਜਿੰ
Holdings
Withdrawn status Lost status Source of classification or shelving scheme Damaged status Not for loan Collection code Home library Current library Date acquired Source of acquisition Total Checkouts Full call number Barcode Date last seen Copy number Cost, replacement price Koha item type
    Dewey Decimal Classification     Non-fiction D.B.Act.Division D.B.Act.Division 28/10/2011 DBAD/PUB   850 ਹਰਜਿੰ PN-6270 28/10/2011 100.00 100.00 Punjabi Bks

© Delhi Public Library
Hit Counter
free hit counter